000 01668nam1a2200313 i 4500
001 RU\NLR\bibl\1679130
005 20260405205910.0
010 _a978-5-383-00294-0
035 _a(NLR Aleph) 001670344
090 _a1037431
_c1037431
100 _a20100929g20099999u y0rusy50 ca
101 0 _arus
102 _aRU
105 _a||||z |||||
200 1 _aПерспективы и теплофизические проблемы атомной энергетики
_eучебное пособие для студентов, обучающихся по направлению "Техническая физика"
_eв 2 ч.
_fБ.А. Габараев, Ю.Б. Смирнов, Ю.С. Черепнин
_gМ-во образования и науки Рос. Федерации, Федер. агентство по образованию, Моск. энерг. ин-т (техн. ун-т)
210 _aМосква
_cИздательский дом МЭИ
_d2009
215 _d20
463 0 _10011405804
606 1 _aЯдерная энергетика
_jУчебные издания для высших учебных заведений
_92163696
_3RU\NLR\auth\661301983
686 _aЗ4я73-1
700 1 _aГабараев
_bБ. А.
_gБорис Арсентьевич
_4070
701 1 _4070
_7ca
_8rus
_aСмирнов
_bЮ. Б.
_cканд. техн. наук
_f1947-
_gЮрий Борисович
_976037
_3RU\NLR\auth\7793111
701 1 _aЧерепнин
_bЮ. С.
_gЮрий Семенович
_4070
801 0 _aRU
_bNLR
_c20100929
_gRCR
801 1 _aRU
_bNLR
_c20100929
830 _aавт. по кн.
852 _aNLR
_j2009-3/26809
942 _cBOOK